000 00351nam a22001337a 4500
020 _a978-81-224-1522-3
082 _a001.42
100 _aKothari, C. R.
245 _aResearch Methodology:
_bMethods and Techniques
250 _a2nd
260 _aNew Delhi:
_bNew Age International Publishers,
_c2004
300 _axiv, 401p.: ill.; 24cm
942 _cBK
999 _c22216
_d22216